| 000 | 01068nam a22002417a 4500 | ||
|---|---|---|---|
| 005 | 20130610115658.0 | ||
| 008 | 090728t xxu||||| |||| 00| 0 pun d | ||
| 010 | _aPUN-7468 B-494114-118 | ||
| 020 |
_c400.00 _a9788179144947 |
||
| 035 | _aPN-6586 B-494114-118 | ||
| 037 | _bDBAD / PUB/Tarlochan Publishers | ||
| 037 | _bBPPD/KKP | ||
| 040 |
_adpl _bPN |
||
| 082 | _aਕ | ||
| 245 |
_aਤਰਲੋਕ ਮਨਸੂਰ ਦੀਆਂ ਕਹਾਮੀਆਂ / _cਬਲਜੀਤ ਸਿੰਘ ਦ੍ਵਾਰਾ ਸੰਪਾਦਿਤ |
||
| 246 |
_aTarlok Mansoor dian kahanian _bed by Baljit Singh |
||
| 260 |
_aDelhi _bTarlochan Publishers _c2012 |
||
| 270 |
_bShop No-7,12/190 ,Geeta Colony _aDelhi _k9312271252 _e110031 _mmanpreet1948@gmail.com |
||
| 300 |
_a336ਪਂ; _b22ਸੇਂਮੀ(ਸਜਿਲਦ) |
||
| 700 |
_953424 _aਬਲਜੀਤ ਸਿੰਘ |
||
| 942 |
_2ddc _cPN _hਕ _mਤਰਲੋ |
||
| 999 |
_c71313 _d71313 |
||